Stanice metra a tramvají v Praze - Statistics

General Stats
  • This quiz has been taken 20 times
  • The average score is 151 of 315
Answers on the Map
Answers color-coded by a green-red scale on the quiz's map according to % correct below.
 
Answer Stats
Zastávka Linka % Correct
Anděl B, 4, 5, 7, 9, 10, 12, 15, 16, 20
93%
Černý Most B
93%
Chodov C
93%
Florenc B, C, 3, 8, 12, 24
93%
Háje C
93%
Hlavní nádraží C, 5, 9, 15, 26
93%
Kačerov C
93%
Karlovo náměstí B, 2, 3, 4, 6, 10, 14, 16, 18, 22, 23, 24
93%
Letňany C
93%
Můstek A, B
93%
Muzeum A, C, 13
93%
Náměstí Republiky B, 6, 8, 15, 26
93%
Opatov C
93%
Palmovka B, 3, 7, 8, 10, 12, 24, 31
93%
Petřiny A, 1, 2
93%
Rajská zahrada B
93%
Zličín B
93%
Budějovická C
86%
Českomoravská
86%
Dejvická A, 20, 26
86%
Hradčanská A, 1, 2, 8, 18, 20, 25, 26
86%
Invalidovna B, 3, 8, 12, 24
86%
I. P. Pavlova C, 4, 6, 10, 11, 16, 22, 23
86%
Křižíkova B, 3, 8, 12, 24
86%
Nádraží Holešovice C, 1, 6, 14, 17, 25
86%
Náměstí Míru A, 4, 10, 11, 16, 22
86%
Národní třída B, 2, 9, 18, 22, 23
86%
Pankrác C, 19
86%
Radlická B, 7
86%
Roztyly C
86%
Smíchovské nádraží B, 4, 5, 12, 20
86%
Vltavská C, 1, 12, 14, 25
86%
Vyšehrad C
86%
Vysočanská B, 12, 31
86%
Bořislavka A, 20, 26
79%
Depo Hostivař A, 16, 19
79%
Hloubětín B, 7, 12
79%
Jiřího z Poděbrad A, 13
79%
Kobylisy C, 3, 10, 17, 24
79%
Kolbenova B, 12
79%
Ládví C, 10
79%
Luka B
79%
Malostranská A, 2, 12, 15, 18, 20, 22, 23
79%
Nemocnice Motol A
79%
Nové Butovice B
79%
Pražského povstání C, 18, 19
79%
Prosek C
79%
Skalka A
79%
Staroměstská A, 2, 17, 18
79%
Stodůlky B
79%
Strašnická A, 7, 19, 26
79%
Střížkov C
79%
Želivského A, 7, 10, 11, 16, 26
79%
Hůrka B
71%
Jinonice B
71%
Lužiny B
71%
Nádraží Veleslavín A, 20, 26
71%
Na Knížecí 4, 5, 12, 20
71%
Národní divadlo 2, 9, 17, 18, 22, 23
71%
Strossmayerovo náměstí 1, 6, 8, 12, 17, 25, 26
71%
Divoká Šárka 20, 26
64%
Dlouhá třída 6, 8, 15, 26
64%
Flora A, 10, 11, 13, 15, 16
64%
Karlínské náměstí 3, 8, 12, 24
64%
Motol 9, 10, 16
64%
Sídliště Řepy 9, 10, 16
64%
Bertramka 9, 10, 15, 16
57%
Divadlo Na Fidlovačce 7, 14, 18, 24
57%
Koh-i-noor 4, 6, 7, 19, 22
57%
Korunovační 1, 8, 12, 25, 26
57%
Kotlářka 9, 10, 15, 16
57%
Lihovar 4, 5, 12, 20
57%
Malostranské náměstí 12, 15, 20, 22, 23
57%
Masarykovo nádraží 3, 6, 14, 15, 24, 26
57%
Nádraží Libeň 7, 8
57%
Palackého náměstí 2, 3, 4, 7, 10, 16, 17
57%
Sparta 1, 8, 12, 25, 26
57%
Štěpánská 4, 6, 10, 16, 22, 23
57%
Václavské náměstí 3, 5, 6, 9, 14, 24
57%
Vozovna Střešovice 1, 2, 25
57%
Albertov 7, 14, 18, 24
50%
Bílá Hora 22, 25
50%
Bohemians 6, 7, 19
50%
Bulovka 3, 10, 24
50%
Čechův most 15, 17
50%
Hlubočepy 4, 5, 12, 20
50%
Holešovická tržnice 1, 14, 25
50%
Holyně 4, 5
50%
Kavalírka 9, 10, 15, 16
50%
Klamovka 9, 10, 15, 16
50%
Křížová 7
50%
Lazarská 3, 5, 6, 9, 14, 24
50%
Letenské náměstí 1, 8, 12, 25, 26
50%
Libuš 17
50%
Moráň 2, 3, 4, 10, 14, 16, 18, 24
50%
Nádraží Vršovice 6, 7, 19
50%
Nádraží Zahradní Město 22, 26
50%
Náměstí Bratří Synků 11, 14, 18, 19, 24
50%
Olšanské hřbitovy 10, 11, 13, 15, 16
50%
Prašný most 1, 2, 25
50%
Pražský hrad 22, 23
50%
Ruská 4, 22
50%
Sídliště Barrandov 4, 5, 12, 20
50%
Sídliště Ďáblice 10
50%
Sídliště Modřany 3, 17
50%
Sídliště Petřiny 1, 2
50%
Slivenec 4, 5
50%
Újezd 9, 12, 15, 20, 22, 23
50%
Vodičkova 3, 5, 6, 9, 14, 24
50%
Vozovna Motol 9, 10, 16
50%
Výstaviště 1, 6, 17, 25
50%
Výtoň 2, 3, 7, 17
50%
Zahradní Město 22, 26
50%
Arbesovo náměstí 9, 12, 15, 20
43%
Arena Libeň jih 7, 8
43%
Baterie 1, 2
43%
Bílá labuť 3, 8, 14, 24
43%
Botanická zahrada 14, 18, 24
43%
Braunova 7
43%
Břevnovský klášter 22, 25
43%
Brusnice 22, 23
43%
Čechovo náměstí 4, 22
43%
Černý kůň 3, 17
43%
Červený Vrch 20, 26
43%
Chodovská 11, 14
43%
Chotkovy sady 2, 12, 18, 20
43%
Dědina 20, 26
43%
Dělnická 1, 14, 25
43%
Divadlo Gong 12, 31
43%
Divadlo pod Palmovkou 3, 10, 24
43%
Dvorce 2, 3, 17
43%
Geologická 4, 5, 12, 20
43%
Hotel Golf 9, 10, 16
43%
Italská 13
43%
Jana Masaryka 4, 22
43%
Jiráskovo náměstí 5, 17
43%
Kamenická 1, 8, 12, 25, 26
43%
Karlovy lázně 2, 17, 18
43%
Královský letohrádek 22, 23
43%
Krematorium Motol 9, 10, 16
43%
Kubánské náměstí 4, 6, 7, 19, 22
43%
Laurová 7
43%
Lipanská 5, 9, 15, 26
43%
Lotyšská 8, 18
43%
Malovanka 22, 23, 25
43%
Maniny
43%
Michelská 11, 14
43%
Nádraží Braník 2, 3, 17
43%
Nádraží Hostivař 22, 26
43%
Nádraží Modřany 3, 17
43%
Nádraží Vysočany 12, 31
43%
Náměstí Olgy Scheinpflugové 4, 5
43%
Novoměstská radnice 2, 3, 6, 14, 18, 22, 23, 24
43%
Nový Hloubětín 12
43%
Nuselská radnice 18, 19
43%
Obchodní centrum Hostivař 22, 26
43%
Obora Hvězda 22, 25
43%
Ostrčilovo náměstí 7, 14, 18, 24
43%
Perunova 10, 11, 16
43%
Plzeňka 4, 5, 12, 20
43%
Podolská vodárna 2, 3, 17
43%
Poliklinika Barrandov 4, 5, 12, 20
43%
Právnická fakulta 17
43%
Pražské Jezulátko 12, 15, 20, 22, 23
43%
Přístaviště 2, 3, 17
43%
Průběžná 7, 19, 22
43%
Radošovická 22, 26
43%
Sídliště Červený Vrch 20, 26
43%
Sídliště Zahradní Město 22, 26
43%
Škola Radlice 7
43%
Slánská 9, 10, 16
43%
Slavia - Nádraží Eden 4, 6, 7, 19, 22
43%
Spořilov 11, 14
43%
Starý Hloubětín 7, 8, 12
43%
Štvanice 12, 14
43%
Šumavská 10, 11, 16
43%
Švandovo divadlo 9, 12, 15, 20
43%
U Zvonu 9, 10, 15, 16
43%
Větrník 1, 2
43%
Viktoria Žižkov 5, 9, 15, 26
43%
Vinohradská vodárna 10, 11, 16
43%
Vojenská nemocnice 1, 2
43%
Vozovna Hloubětín 12
43%
Vozovna Kobylisy 17, 24
43%
Vozovna Pankrác 18
43%
Vozovna Strašnice 7, 19, 26
43%
Vozovna Vokovice 20, 26
43%
Vozovna Žižkov 5, 9, 11, 31
43%
Vypich 22, 25
43%
Zborovská 4, 5, 7, 10, 16
43%
Zlíchov 4, 5, 12, 20
43%
Balabenka 7, 8, 12, 31
36%
Belárie 3, 17
36%
Biskupcova 5, 7, 9, 10, 11
36%
Blatiny 9, 10, 16
36%
Bruselská 6, 11, 23
36%
Chaplinovo náměstí 4, 5, 12, 20
36%
Dlabačov
36%
Drinopol 22, 25
36%
Hasičská stanice Modřany 17
36%
Hlušičkova 9, 10, 16
36%
Horky 11, 14
36%
Hostivařská 22, 26
36%
Jindřišská 3, 5, 6, 9, 14, 24
36%
K Barrandovu 4, 5, 12, 20
36%
Kotorská 18, 19
36%
Královka 23
36%
Krejcárek 7, 10, 31
36%
Krematorium Strašnice 7, 16, 26
36%
Krymská 4, 22
36%
Libeňský most
36%
Libeňský zámek 3, 10, 24
36%
Malešická továrna 16
36%
Malý Břevnov 22, 25
36%
Marjánka 22, 25
36%
Mezi Hřbitovy 7, 10, 11, 26
36%
Modřanská rokle 3, 17
36%
Modřanská škola 3, 17
36%
Myslíkova 5
36%
Nábřeží Kapitána Jaroše 6, 8, 17, 26
36%
Nádraží Podbaba 8, 18
36%
Na Groši 22, 26
36%
Na Homoli 16
36%
Na Hroudě 22, 26
36%
Nákladové nádraží Žižkov 5, 7, 9, 10, 11, 26
36%
Na Veselí 18
36%
Nuselské schody 6, 11
36%
Ocelářská 7, 8
36%
Ohrada 5, 9, 11, 31
36%
Olšanská 5, 9, 26
36%
Olšanské náměstí 5, 9, 15, 26
36%
Orionka 10, 11, 16
36%
Ortenovo náměstí 1, 14, 25
36%
Otakarova 6, 7, 19, 24
36%
Palouček 18, 19
36%
Park Maxe van der Stoela 25
36%
Plynárna Michle 11, 14
36%
Pobřežní cesta 2, 3, 17
36%
Pod Jezerkou 11, 14
36%
Pod Karlovem 6, 11
36%
Pohořelec 22, 23
36%
Poliklinika Modřany 3, 17
36%
Poštovka 9, 10, 16
36%
Sídliště Libuš 17
36%
Sídliště Na Dědině 20, 26
36%
Solidarita 16, 19
36%
Špejchar
36%
Spojovací 9, 11, 31
36%
Staré Strašnice 22, 26
36%
Střelničná 10
36%
Svatoplukova 7, 14, 18, 24
36%
Teplárna Michle 11, 14
36%
Těšnov 12, 14
36%
Thákurova 20, 26
36%
Trojská 17
36%
Tusarova 1, 14, 25
36%
Tyršův dům 12, 15, 20, 22, 23
36%
U Elektry 7, 8
36%
Urxova 3, 8, 12, 24
36%
Ústřední dílny DP 16
36%
Veletržní palác 6, 17
36%
Vinohradské hřbitovy 7, 16, 26
36%
Vítězné náměstí 8, 18, 20, 26
36%
Vršovické náměstí 4, 22
36%
Vychovatelna 3, 10, 24
36%
Zborov - Strašnické divadlo 16, 19
36%
Zelená 8, 18
36%
Zvonařka 23
36%
Březiněveská 3, 17, 24
29%
Čechova čtvrť 3, 17
29%
Ciolkovského 20, 26
29%
Harfa
29%
Hládkov 23
29%
Ke Stírce 3, 10, 17, 24
29%
Kněžská luka 9, 11, 31
29%
Kublov 2, 3, 17
29%
Lehovec 7, 12
29%
Levského 3, 17
29%
Líbeznická 17, 24
29%
Nad Trojou 17
29%
Observatoř Libuš 17
29%
Okrouhlická 3, 10, 24
29%
Ořechovka 1, 2
29%
Planetárium Praha
29%
Podkovářská 7, 8
29%
Poliklinika Vysočany 12, 31
29%
Radhošťská 13
29%
Říčanova 22, 25
29%
Sídliště Hloubětín 7, 12
29%
U Kaštanu 22, 25
29%
U Libušského potoka 3, 17
29%
U Průhonu 1, 14, 25
29%
Vinice 7, 16, 19, 26
29%
Vinohradská tržnice 13
29%
Chmelnice 9, 11, 31
21%
Dubečská 22, 26
21%
Hadovka 20, 26
21%
Hercovka 17
21%
Kabešova 7, 8
21%
Kyselova 10
21%
Limuzská 16, 19
21%
Nad Džbánem 20, 26
21%
Nademlejnská 7, 8
21%
Na Pískách 20, 26
21%
Nové Strašnice 16, 19
21%
Poštovská 12
21%
Sibeliova 1, 2
21%
Špitálská 12
21%
Štěpničná 10
21%
Třebenická 10
21%
U Kříže 3, 10, 24
21%
Vlastina 20, 26
21%
Vosmíkových 3, 10, 24
21%
Blanická
14%
Strážní 9, 11, 31
14%
No matching quizzes found
Score Distribution
Percent of People with Each Score
Percentile by Number Answered
Your Score History
You have not taken this quiz